Paroles de Lego Ninjago 1-11 - Statistiques

Statistiques générales
  • Ce quiz a été pris 783 fois
  • Le résultat moyen est 6 sur 10
Statistiques - réponses
Question Réponse % Correct
Passage en mode vision du faucon. Zane
96%
Vous n'avez pas le droit à l'erreur. Les serpents nous ont démontré qu'ils détiennent de grands pouvoirs. Wu
84%
Je vais rester ici avec Lloyd. Ça me coûte de dire ça, mais bonne chance. Garmadon
78%
Ordi, j'aimerais maintenant que tu me donnes une image sonore de Ninjago, mais à 20 mètres sous terre. Nya
69%
Ooh pardon ! Les nindroids peuvent aussi se tromper. Zane
67%
Au lieu de riposter, il faut essayer de se détendre. Cole
51%
Chaque petit garçon doit avoir le choix de devenir qui il veut. Garmadon
43%
Je vous avais dit que je vous sauverais. Lloyd
42%
Tu sais, ninja, ça fait longtemps que je rêve de te serrer contre moi. Skalidor
32%
Ils ne se déplacent peut-être pas sur la surface, ce sont des serpents. Des serpents, ça creuse. Nya
19%
Aucun quiz correspondant
Distribution des résultats
% des personnes avec chaque résultat
Percentile par nombre de réponses
Votre historique - résultats
Vous n’avez pas pris ce quiz